| 000 | 00552nam a2200181Ia 4500 | ||
|---|---|---|---|
| 008 | 090630s9999 xx 000 0 und d | ||
| 082 | _b26587 | ||
| 100 | _aकणेकर शिरिष. | ||
| 245 |
_aमखलाशी. _cकणेकर शिरिष. |
||
| 260 |
_bराजा - माहिम. _c2006 |
||
| 300 | _a163 | ||
| 600 | _aकणेकर शिरिष. | ||
| 630 | _aमखलाशी. | ||
| 655 | _aलघुकथा. | ||
| 700 | _aकणेकर शिरिष. | ||
| 730 | _aमखलाशी. | ||
| 942 | _cBOOK | ||
| 999 |
_c278443 _d278443 |
||